|
|
|
|
| LEADER |
01241nam a2200265 a 4500 |
| 001 |
4971 |
| 008 |
130620s1992 dcua b 100 0 eng d |
| 010 |
|
|
|a 94198871
|
| 040 |
|
|
|a TU
|c TU
|d OCoLC
|d DNAL
|d DLC
|d BD-DhAAL
|
| 082 |
0 |
0 |
|a 338.1/6
|2 20
|
| 111 |
2 |
|
|a ANSAB Workshop
|n (1st :
|d 1992 :
|c Kathmandu, Nepal)
|
| 245 |
0 |
0 |
|a Lab to land :
|b biotechnology for sustainable agriculture in Asia : proceedings of the first ANSAB Workshop, March 29-April 1, 1992 /
|c John Ferchak and Sharmila Ribeiro, editors.
|
| 260 |
|
|
|a Washington, D.C. :
|b Appropriate Technology International ;
|a Kathmandu, Nepal :
|b New Era,
|c 1992.
|
| 300 |
|
|
|a iii, 187 p. :
|b ill. ;
|c 23 cm.
|
| 504 |
|
|
|a Includes bibliographical references.
|
| 541 |
|
|
|e 4971
|
| 650 |
|
0 |
|a Agricultural biotechnology
|z Asia
|v Congresses.
|
| 700 |
1 |
|
|a Ferchak, John D.
|
| 700 |
1 |
|
|a Ribeiro, Sharmila.
|
| 710 |
2 |
|
|a A.T. International.
|
| 710 |
2 |
|
|a New ERA (Firm : Kathmandu, Nepal)
|
| 740 |
0 |
|
|a Biotechnology for sustainable agriculture in Asia.
|
| 852 |
1 |
|
|a Ayesha Abed Library
|j General shelf.
|
| 999 |
|
|
|c 13610
|d 13610
|
| 952 |
|
|
|0 0
|1 0
|2 ddc
|4 0
|6 338_160000000000000_LAB
|7 0
|9 22779
|a BRACUL
|b BRACUL
|c GEN
|d 2013-06-23
|g 0.00
|l 0
|o 338.16 LAB
|p 3010004971
|r 2013-06-23
|t 1
|w 2013-06-23
|y BK
|z Not price in Register
|